[Event "BCF-chT qual (4NCL)"]
[Site "England"]
[Date "2002.06.02"]
[Round "2"]
[White "Barkwill, Martin A"]
[Black "Hulmes, David I"]
[Result "0-1"]
[WhiteElo "1736"]
[BlackElo "2144"]
[PlyCount "60"]
[EventDate "2002.06.??"]
[EventType "team"]
[EventRounds "8"]
[EventCountry "ENG"]
[SourceTitle "EXT 2005"]
[Source "ChessBase"]
[SourceDate "2004.11.15"]
[SourceVersion "1"]
[SourceVersionDate "2004.11.15"]
[SourceQuality "1"]
[WhiteTeam "Athenaeum"]
[BlackTeam "NW Eagles"]
[WhiteTeamCountry "ENG"]
[BlackTeamCountry "ENG"]

1. c4 e6 2. g3 d5 3. Bg2 Nf6 4. cxd5 exd5 5. d4 c6 6. Nc3 Be7 7. Nf3 0-0 8. 0-0 Nbd7 9. Qc2 Re8 10. Re1 Bd6 11. Bg5 h6 12. Bxf6 Nxf6 13. e4 dxe4 14. Nxe4 Nxe4 15. Rxe4 Rxe4 16. Qxe4 Be6 17. a3 Qb6 18. b4 a5 19. bxa5 Rxa5 20. Rb1 Qc7 21. Ne5 Rxa3 22. Ng6 Qd7 23. Ne5 Qc8 24. Qf4 Qc7 25. Be4 f6 26. Bf5 Bxf5 27. Qxf5 fxe5 28. Qe6+ Kh7 29. dxe5 Bxe5 30. Qf5+ g6 0-1